Demokrasi sivil toplum ve işçi hareketi (Record no. 4769)

MARC details
000 -BAŞLIK
Sabit Uzunlukta Kontrol Alanı 00709na a2200241 4500
001 - KONTROL NUMARASI
Denetim Alanı 18321
003 - KONTROL NUMARASI IDENTIFIER
Denetim Alanı MIRAKIL
005 - SON İŞLEM TARİHİ VE ZAMANI
Denetim Alanı 20181213155017.0
008 - SABİT-BOY VERİ ELEMANLARI - GENEL BİLGİLER
Sabit Uzunlukta Kontrol Alanı 161116b tu 000 0
035 ## - SİSTEM KONTROL NUMARASI
Sistem Kontrol Numarası 18321
040 ## - KATALOGLAMA KAYNAK
Orijinal Kataloglama Ajansı Milas
Kataloglama Dili tur
Metne Dönüştürmek Ajansı TR-AnCHP
041 ## - DİL KODU
Metin / Ses Parça Veya Ayrı Başlığın Dil Kodu tur
082 ## - DEWEY ONLU SINIFLANDIRMA NUMARASI
Sınıflandırma Numarası 335.509561
Ürün Numarası K26 1993
090 ## - SINIFLAMA NUMARASI
Sınıflama Numarası 335.509561 K26 1993
100 ## - ANA GİRİŞ - KİŞİSEL İSİM
Kişisel Ad Karatepe, Şükrü
245 ## - BAŞLIK TABLOSU
Başlık Demokrasi sivil toplum ve işçi hareketi
Sorumluluk Tablosu, Vb Şükrü Karatepe
260 ## - YAYIN, DAĞITIM, VB
Yayın, Dağıtım, Vb Yeri Ankara
Yayıncı, Dağıtıcı, Vs Adı Öz Gıda-İş Sendikası
Yayın, Dağıtım, Vb Tarihi 1993
300 ## - FİZİKSEL TANIM
Kapsam 93 s.
Diğer Fiziksel Ayrıntıları fotg.
Boyutlar 20 sm.
490 ## - SERİSİ TABLOSU
Seri Beyanı Öz Gıda-İş Sendikası Eğitim Yayınları
Hacim / Ardışık Tanımı 3
650 ## - KONU KATMA GİRİŞ - TOPİKAL DÖNEM
Topikal Süreli Veya Coğrafi Ad Giriş Elemanı İşçi hareketleri
Coğrafi Alt Bölümü Türkiye
650 ## - KONU KATMA GİRİŞ - TOPİKAL DÖNEM
Topikal Süreli Veya Coğrafi Ad Giriş Elemanı Sosyal demokrasi
Coğrafi Alt Bölümü Türkiye
942 ## - EKLENDİ GİRİŞ ELEMANLARI (KOHA)
Sınıflandırma Veya Raf Düzeni Kaynak Dewey Decimal Classification
Koha Öğesi Türü Books
999 ## - SİSTEM KONTROL NUMARALARI (KOHA)
Koha Biblionumber 4769
Koha Biblioitemnumber 4769
Holdings
Kalıcı Konum Mevcut Konum Edinme Tarihi Edinim Kaynak Toplam Check-Out'Lar Tam Çağrı Numarası Barkod Tarih Son Görülme İtibaren Geçerli Fiyatlar Koha Öğesi Türü
CHP Kütüphanesi CHP Kütüphanesi 11/16/2016 Bağış   335.509561 K26 1993 009499 11/16/2016 11/16/2016 Books